circuits mario kart tout jeux confondu (sauf arcade gp) - Statistiques

Statistiques générales
  • Ce quiz a été pris 124 fois
    8 depuis la dernière actualisation
  • Le résultat moyen est 78 sur 223
Statistiques - réponses
Answers % Correct
3DS Route Arc-en-Ciel
100%
DS Route Arc-en-Ciel
100%
GBA Route Arc-en-Ciel
100%
GCN Route Arc-en-Ciel
100%
N64 Route Arc-en-Ciel
100%
RMX Route Arc-en-Ciel 1
100%
RMX Route Arc-en-Ciel 2
100%
SNES Route Arc-en-Ciel
100%
WII Route Arc-en-Ciel
100%
WII U Route Arc-en-Ciel
100%
World Route Arc-en-Ciel
100%
3DS Château de Bowser
86%
3DS Circuit Mario
86%
DS Château de Bowser
86%
DS Circuit Mario
86%
GBA Château de Bowser 1
86%
GBA Château de Bowser 2
86%
GBA Château de Bowser 3
86%
GBA Château de Bowser 4
86%
GBA Circuit Luigi
86%
GBA Circuit Mario
86%
GCN Château de Bowser
86%
GCN Circuit Luigi
86%
GCN Circuit Mario
86%
N64 Château de Bowser
86%
RMX Château de Bowser
86%
RMX Circuit Mario
86%
SNES Château de Bowser 1
86%
SNES Château de Bowser 2
86%
SNES Château de Bowser 3
86%
SNES Circuit Mario 1
86%
SNES Circuit Mario 2
86%
SNES Circuit Mario 3
86%
SNES Circuit Mario 4
86%
WII Château de Bowser
86%
WII Circuit Luigi
86%
WII Circuit Mario
86%
WII U Château de Bowser
86%
WII U Circuit Mario
86%
Promenade à Paris 1
71%
Promenade à Paris 2
71%
Promenade à Paris 3
71%
Roma Romantica 1
71%
Roma Romantica 2
71%
Roma Romantica 3
71%
Sprint à Sydney 1
71%
Sprint à Sydney 2
71%
Sprint à Sydney 3
71%
Traversée de Tokyo 1
71%
Traversée de Tokyo 2
71%
Traversée de Tokyo 3
71%
Traversée de Tokyo 4
71%
Wolrd Château de Bowser
71%
Bois Vermeil
57%
Cap Koopa
57%
Circuit Daisy
57%
Circuit Peach
57%
Circuit Yoshi
57%
Détour à Londres 1
57%
Détour à Londres 2
57%
Détour à Londres 3
57%
Escapade New-yorkaise 1
57%
Escapade New-yorkaise 2
57%
Escapade New-yorkaise 3
57%
Escapade New-yorkaise 4
57%
Jardin Peach
57%
Jungle DK
57%
Prairie Meuh Meuh
57%
Stade Waluigi
57%
Animal Crossing
43%
Balade Berlinoise 1
43%
Balade Berlinoise 2
43%
Balade Berlinoise 3
43%
Big Blue
43%
Bousculade à Bangkok 1
43%
Bousculade à Bangkok 2
43%
Bousculade à Bangkok 3
43%
Circuit Toad
43%
Désert Sec Sec
43%
DS Stade Wario
43%
Gorge Champignon
43%
N64 Stade Wario
43%
Pic DK
43%
Road-trip à Los Angeles 1
43%
Road-trip à Los Angeles 2
43%
Road-trip à Los Angeles 3
43%
Supermarché Coco
43%
Usine Toad
43%
Volcan Grondant
43%
Arène d'Excitebike
29%
Athènes Antique 1
29%
Athènes Antique 2
29%
Athènes Antique 3
29%
Cascades Maskass
29%
Cinéma Boo
29%
Circuit d'Hyrule
29%
Désert Toussec
29%
Flipper Waluigi
29%
GCN Royaume Sorbet
29%
Île de Yoshi
29%
Lagon Tourbillon
29%
Méandres Madrilènes 1
29%
Méandres Madrilènes 2
29%
Méandres Madrilènes 3
29%
Mine Wario
29%
Montagne Choco
29%
Montagne DK
29%
Mute City
29%
N64 Plage Koopa
29%
N64 Royaume Sorbet
29%
Paquebot Daisy
29%
Parc Baby
29%
Passage Feuillage
29%
Poursuite à Singapour 1
29%
Poursuite à Singapour 2
29%
Poursuite à Singapour 3
29%
Promenade Toad
29%
Quartier Delfino
29%
SNES Plage Koopa 1
29%
SNES Plage Koopa 2
29%
Vallée Yoshi
29%
Virages à Vancouver 1
29%
Virages à Vancouver 2
29%
Virages à Vancouver 3
29%
Alpes DK
14%
Arène Wario
14%
Autodrome Luigi
14%
Autodrome Mario
14%
Autodrome Royal
14%
Autoroute Toad
14%
Bateau Volant
14%
Cascades Yoshi
14%
Cité Sorbet
14%
Descente Givrée
14%
Désert du Soleil
14%
Dojo Ninja
14%
Égout Piranha
14%
Horloge Tic-Tac
14%
Île choco 1
14%
Île choco 2
14%
Lac Boo
14%
Manoir de Luigi
14%
Manoir Trempé
14%
Piste Musicale
14%
Plage Cheep Cheep
14%
Plage Maskass
14%
Plage Peach
14%
RMX Île Choco 1
14%
RMX Île Choco 2
14%
RMX Vallée Fantôme
14%
Route Clair de Lune
14%
Route Glagla
14%
Ruines Sec Sec
14%
Souk Maskass
14%
Temple Thwomp
14%
Vallée Fantôme 1
14%
Vallée Fantôme 2
14%
Vallée Fantôme 3
14%
Virée à Amsterdam 1
14%
Virée à Amsterdam 2
14%
Virée à Amsterdam 3
14%
Aéroport Azur
0%
Bloc ? antique
0%
Champidrome
0%
Champiville
0%
Chemin du chêne
0%
Chutes cheep cheep
0%
Circuit en 8
0%
Circuit Mario Bros.
0%
Cité Fleur-de-Sel
0%
Club Mario
0%
Corniche Champignon
0%
Course à la Propeté
0%
Désert Kalimari
0%
Désert Yoshi
0%
Ferme Meuh Meuh
0%
Forêt tropicale DK
0%
Fournaise Osseuse
0%
Galion de Wario
0%
Gouffre Pissenlit
0%
Île Cheep Cheep
0%
Jardin Volant
0%
Jetée Cassée
0%
Jungle Dino Dino
0%
Koopapolis
0%
Lac Vanille 1
0%
Lac Vanille 2
0%
Lagon Cheep Cheep
0%
Lakeside Parc
0%
Littoral Wuhu
0%
Métro Turbo
0%
Monde Glacé d'Harmonie
0%
Mont Éboulis
0%
Mont Festif
0%
Mont Tchou Tchou
0%
Parc Glougloop
0%
Pays Crépuscule
0%
Pays Fromage
0%
Pays neigeux
0%
Pic de l'observatoire
0%
Pic Wuhu
0%
Piste aux Délices
0%
Plaine Donut 1
0%
Plaine Donut 2
0%
Plaine Donut 3
0%
Pont Champignon
0%
Ponton Lugubre
0%
Riverside Parc
0%
RMX Lac Vanille
0%
RMX Plaine Donut
0%
Route du Dragon
0%
Route Ruban
0%
Ruines Plante Piranha 1
0%
Ruines Plante Piranha 2
0%
Ruines Plante Piranha 3
0%
Savane Sauvage
0%
Spatioport DK
0%
Stade Peach
0%
Station Glagla
0%
Trophéopolis
0%
Tunnel Plante Piranha
0%
Vallée Daisy
0%
Voie Céleste
0%
Aucun quiz correspondant
Distribution des résultats
% des personnes avec chaque résultat
Percentile par nombre de réponses
Votre historique - résultats
Vous n’avez pas pris ce quiz depuis la dernière actualisation